[Event "Campo Grande Sul Mato op"]
[Site "Campo Grande"]
[Date "2015.09.07"]
[Round "6"]
[White "Gazineu Neto, Rubens"]
[Black "Fontoura, Alexandre Souza"]
[Result "1-0"]
[WhiteElo "2008"]
[BlackElo "1910"]
[PlyCount "45"]
[EventDate "2015.09.05"]
[EventType "swiss"]
[EventRounds "6"]
[EventCountry "BRA"]
[SourceTitle "EXT 2016"]
[Source "ChessBase"]
[SourceDate "2015.10.08"]
[SourceVersion "1"]
[SourceVersionDate "2015.10.08"]
[SourceQuality "1"]

1. e4 e5 2. Nf3 Nc6 3. Bb5 Nge7 4. Nc3 g6 5. d4 exd4 6. Nxd4 Bg7 7. Be3 a6 8. Ba4 b5 9. Bb3 Na5 10. Nde2 0-0 11. 0-0 Bb7 12. Bd4 Nxb3 13. Bxg7 Kxg7 14. axb3 d6 15. Nf4 Nc8 16. Ncd5 c5 17. Qd2 Re8 18. Rfe1 Re5 19. Rad1 Ra7 20. b4 cxb4 21. Qd4 f6 22. Qxe5 fxe5 23. Ne6+ 1-0

[Event "Campo Grande Sul Mato op"]
[Site "Campo Grande"]
[Date "2015.09.06"]
[Round "4"]
[White "Davalos, Danny Ramires"]
[Black "Fontoura, Alexandre Souza"]
[Result "0-1"]
[WhiteElo "1779"]
[BlackElo "1910"]
[PlyCount "52"]
[EventDate "2015.09.05"]
[EventType "swiss"]
[EventRounds "6"]
[EventCountry "BRA"]
[SourceTitle "EXT 2016"]
[Source "ChessBase"]
[SourceDate "2015.10.08"]
[SourceVersion "1"]
[SourceVersionDate "2015.10.08"]
[SourceQuality "1"]

1. e4 d6 2. d4 Nf6 3. Nc3 g6 4. Nf3 Bg7 5. Bd3 0-0 6. 0-0 Nbd7 7. h3 e5 8. dxe5 dxe5 9. Bg5 h6 10. Bh4 c6 11. Qe2 Qc7 12. Bg3 Nh5 13. Bc4 Nxg3 14. fxg3 Qb6+ 15. Qf2 Qxb2 16. Qe3 Qb4 17. Bb3 Qc5 18. Rae1 Qxe3+ 19. Rxe3 Nc5 20. Na4 Nxb3 21. cxb3 Rd8 22. Kh2 b6 23. Nb2 Ba6 24. Rc1 c5 25. Rd1 f5 26. exf5 e4 0-1